[Event "TUR-chT2"]
[Site "Konya"]
[Date "2011.07.09"]
[Round "8"]
[White "Kumkumoglu, Mehmet Baris"]
[Black "Tasdelen, Deniz Murat"]
[Result "1/2-1/2"]
[WhiteElo "2110"]
[BlackElo "2069"]
[PlyCount "26"]
[EventDate "2011.07.04"]
[EventType "team-swiss"]
[EventRounds "9"]
[EventCountry "TUR"]
[SourceTitle "CBM 143 Extra"]
[Source "ChessBase"]
[SourceDate "2011.08.29"]
[SourceVersion "1"]
[SourceVersionDate "2011.08.29"]
[SourceQuality "1"]
[WhiteTeam "Istanbul Moda"]
[BlackTeam "Adana Ceyhan Belediye"]
[WhiteTeamCountry "TUR"]
[BlackTeamCountry "TUR"]

1. e4 c5 2. Nf3 d6 3. d4 cxd4 4. Qxd4 Nc6 5. Bb5 Bd7 6. Bxc6 Bxc6 7. 0-0 Nf6 8. Re1 Nd7 9. c4 Qb6 10. Qxb6 Nxb6 11. b3 0-0-0 12. Nc3 g6 13. Bb2 Rg8 1/2-1/2